Générique Bouba - Paroles - Statistiques

Statistiques générales
  • Ce quiz a été pris 312 fois
  • Le résultat moyen est 17 sur 32
Statistiques - réponses
Paroles % Correct
Bouba, {Bouba}
100%
Mon petit {ourson}
99%
Bouba, {Bouba}
93%
Fais bien {attention}
92%
Sur la blanche, blanche {neige}
83%
Du chemin de ta {maison}
81%
Bouba, {Bouba}
79%
De ne pas t'{éloigner}
78%
Mon petit {ourson}
78%
Bouba, {Bouba}
77%
Tremble de {peur}, elle s'inquiète
69%
Amandine ta {maman}
61%
Avec moi, tu chantes à {tue}-{tête}
61%
Et l'admiration de ta {famille}
57%
Elle pleure quand tu n'es pas {là}
48%
Tu fais la {joie}
48%
Tu roules et tu {glisses}
45%
Mon petit {garçon}
44%
Restera ton meilleur {copain}
40%
Tu dors et tu dois {rêver}
39%
A côté de ta soeur {Frisquette}
38%
Que tu es le roi de la {fête}
38%
Dans la nuit noire et {glaçée}
35%
Et Moy, le petit {indien}
31%
Et toi dans ton {canoë}
30%
A travers les champs et les {bois}
25%
Joy t'aime {beaucoup}, tu vois
22%
Que tu gardes pour ton {papa}
22%
L'oncle Émile, Forestier {John}
16%
Te font des cadeaux {princiers}
15%
Tu cours et tu {vas}
12%
Et surtout {Taclahoma}
10%
Aucun quiz correspondant
Distribution des résultats
% des personnes avec chaque résultat
Percentile par nombre de réponses
Votre historique - résultats
Vous n’avez pas pris ce quiz